| 000 | 00358nam a2200157Ia 4500 | ||
|---|---|---|---|
| 100 | _aMukhopadhyay/S | ||
| 650 | _aindustrial intrument | ||
| 942 | _cBK | ||
| 366 | _f28 | ||
| 654 | _aindustrial instrument | ||
| 245 | _aIndustrial instrument | ||
| 260 |
_bJaico Publishing House _c2013 |
||
| 082 | _bMUK | ||
| 300 | _a595 | ||
| 546 |
_aENGLISH _cInfo.Tech |
||
| 999 |
_c25149 _d25149 |
||